000 00316nam a2200133Ia 4500
005 20260328104319.0
008 260328s9999||||xx |||||||||||||| ||und||
100 _aBraghieri, Gianni
245 0 _aAldo Rossi /
_cGianni Braghieri
260 _bGustavo Gili
300 _a221 p.
650 _aALDO ROSSI
942 _cBK
999 _c11302
_d11302